| 000 | 00411cam a2200157ua 4500 | ||
|---|---|---|---|
| 041 |
_aeng _h |
||
| 082 |
_a630.2 _bGAN/YO |
||
| 100 | _aGanorkar, P L . | ||
| 245 |
_aYouth participation in agriculture and development / _cP L Ganorkar. _hTextual Documents |
||
| 250 |
_a1 / _b. |
||
| 260 |
_aAllahabad : _bChugh publications , _c1978. |
||
| 300 | _a149 ; . | ||
| 504 | _a | ||
| 942 | _cBK | ||
| 999 |
_c8710 _d8710 |
||